000 00667nam a2200277Ia 4500
005 20260324114845.0
008 008 260324s9999 xx 000 0 eng d
020 _a9781003260844
037 _aEBOOK
040 _aCRL
040 _beng
040 _cCRL
041 _2eng
041 _aeng
084 _qCRL
100 _aE. Somasundaram; D. Udhaya Nandhini; M. Meyyappan
_91152423
245 0 _aPrinciples of Organic Farming
260 _bTaylor and Francis
260 _c2021
365 _a
365 _b225
856 _uhttp://www.taylorfrancis.com/books/9781003260844
942 _cEBOOK
999 _c1742856
_d1742856